| 000 | 01264cam a22002534a 4500 | ||
|---|---|---|---|
| 005 | 20250605164104.0 | ||
| 008 | 250528s ||||||||||||||||||||||||d | ||
| 035 | _a17688 | ||
| 020 | _a9781412908344 | ||
| 040 |
_aGR-AtMCL _bgre _dGR-AtMCL _eAACR2 |
||
| 245 | 1 | _aInterpretative Phenomenological Analysis / Theory, Method and Research | |
| 250 | _a1st | ||
| 260 |
_bSage, _c2009 |
||
| 300 | _a226 | ||
| 520 | _aThis book presents a comprehensive guide to interpretative phenomenological analysis (IPA), an increasingly popular approach to qualitative inquiry and a method of growing impact in research. Introduction, Doing IPA: Theory and Method, The Theoretical Foundations of IPA, Planning an IPA Research Study, Collecting Data, Analysis, Writing, IPA Research, Health and Illness, Sex and Sexuality, Psychological Distress, Life Transitions and Identity, Current Issues for IPA, Assessing Validity, The Relationship Between IPA and Other Approaches, Conclusion and Reflections on Future Developments, References, Index. | ||
| 700 | 1 |
_aFlowers Paul _93862 |
|
| 700 | 1 |
_aLarkin Michael _93863 |
|
| 700 | 1 |
_aSmith Jeff _93864 |
|
| 700 | 1 |
_aSmith Jonathan _93865 |
|
| 700 | 1 |
_aWoodhams Jake _93866 |
|
| 942 | _cBK | ||
| 999 |
_c3090 _d3090 |
||